[Event "Tournament 14475 - Europe Echecs"]
[Site "Europe Echecs"]
[Date "2020.07.12"]
[Round "2"]
[Time "14:30:21"]
[PlyCount "68"]
[White "LemiereMaxence"]
[Black "DhenninTanguy"]
[WhiteElo "1618"]
[BlackElo "1160"]
[Mode "WEB"]
[Result "1-0"]

1. e4 d5 2. exd5 Nf6 3. Nc3 Bf5 4. Nf3 Nxd5 5. Nxd5 Qxd5 6. d3 Bg4 7. Be2 Nc6 8.
O-O Qh5 9. Bf4 O-O-O 10. h3 Be6 11. Ne5 Qf5 12. Nxc6 bxc6 13. Bh2 Bd5 14. Bg4
Qxg4 15. Qxg4+ Be6 16. Qf4 Rd7 17. Qa4 Kb8 18. Qxc6 f6 19. Qxe6 Rd8 20. Qb3+ Kc8
21. Qc4 Rd7 22. Rae1 e5 23. Qa6+ Kd8 24. Qxa7 Bd6 25. Qb8+ Ke7 26. Qxh8 Rd8 27.
Qxg7+ Ke8 28. f4 Bf8 29. Qxf6 Be7 30. Qxe5 Rd7 31. f5 h5 32. f6 Kf7 33. fxe7+
Kg8 34. e8=Q+ {DhenninTanguy a abandonné} 1-0

[Event "Tournament 14475 - Europe Echecs"]
[Site "Europe Echecs"]
[Date "2020.07.12"]
[Round "2"]
[Time "14:30:21"]
[PlyCount "67"]
[White "FavierSagnesJu"]
[Black "GreuthierAlois"]
[WhiteElo "1178"]
[BlackElo "1601"]
[Mode "WEB"]
[Result "0-1"]

1. c4 e6 2. g3 d5 3. cxd5 exd5 4. Bg2 Nf6 5. d3 Be7 6. Nf3 O-O 7. O-O c6 8. Nc3
h6 9. Bd2 Bf5 10. a3 Nbd7 11. e4 dxe4 12. dxe4 Bg6 13. b4 Nxe4 14. Nxe4 Bxe4 15.
Re1 Nf6 16. Bc3 Bd5 17. Qe2 Bd6 18. Qb2 Be7 19. Nd4 Bxg2 20. Kxg2 Nd5 21. Nf5
Bf6 22. Rad1 Bxc3 23. Qe2 Bxe1 24. Rxe1 Qf6 25. Qg4 Rfe8 26. Rd1 Qg6 27. Qd4
Qxf5 28. Qd2 Rad8 29. Qb2 Qe4+ 30. Kg1 Nf6 31. Rxd8 Rxd8 32. Qc1 Qf3 33. Qc5
Rd1# {FavierSagnesJu est échec et mat} 0-1

[Event "Tournament 14475 - Europe Echecs"]
[Site "Europe Echecs"]
[Date "2020.07.12"]
[Round "2"]
[Time "14:30:21"]
[PlyCount "58"]
[White "DecurningeBric"]
[Black "GerardKelian"]
[WhiteElo "1582"]
[BlackElo "1056"]
[Mode "WEB"]
[Result "1-0"]

1. e4 e6 2. c4 d5 3. cxd5 exd5 4. exd5 Qxd5 5. Nc3 Qd8 6. Nf3 c5 7. Bb5+ Bd7 8.
Bxd7+ Qxd7 9. O-O Nc6 10. d3 Bd6 11. Re1+ Be7 12. Ne4 O-O-O 13. Be3 Qd5 14. Rc1
Kb8 15. Nxc5 Bxc5 16. Rxc5 Qxa2 17. d4 Qxb2 18. Qd3 Nf6 19. Rxc6 bxc6 20. Rb1
Qxb1+ 21. Qxb1+ Ka8 22. Ne5 Rb8 23. Qa1 Rhc8 24. d5 Rb7 25. dxc6 Rxc6 26. Nxc6
Nd5 27. Bxa7 Nb4 28. Bb8+ Ra7 29. Qxa7# {GerardKelian est échec et mat} 1-0

[Event "Tournament 14475 - Europe Echecs"]
[Site "Europe Echecs"]
[Date "2020.07.12"]
[Round "2"]
[Time "14:30:21"]
[PlyCount "65"]
[White "TighargharElio"]
[Black "CiarlettaIris"]
[WhiteElo "1119"]
[BlackElo "1493"]
[Mode "WEB"]
[Result "0-1"]

1. d4 Nf6 2. c4 c5 3. e3 g6 4. Nc3 Bg7 5. Nf3 O-O 6. Bd3 d6 7. h3 Nc6 8. b3 cxd4
9. Nxd4 Nxd4 10. exd4 Qb6 11. Be3 Qa5 12. Qd2 Bf5 13. Bxf5 Qxf5 14. d5 Ne4 15.
Nxe4 Bxa1 16. O-O Bg7 17. Ng3 Qd7 18. Bd4 Bxd4 19. Qxd4 b5 20. Rc1 bxc4 21. Rxc4
Rfc8 22. Ne4 Rxc4 23. Qxc4 Rc8 24. Qe2 Qf5 25. Qd3 Qe5 26. g3 f5 27. Nd2 Qc3 28.
Qxc3 Rxc3 29. Kg2 Rc2 30. Nf3 Rxa2 31. Nd4 Kf7 32. Ne6 h6 {TighargharElio a perdu au temps} 0-1

[Event "Tournament 14475 - Europe Echecs"]
[Site "Europe Echecs"]
[Date "2020.07.12"]
[Round "3"]
[Time "15:05:33"]
[PlyCount "71"]
[White "HingouetMatthi"]
[Black "EugeneFloryan"]
[WhiteElo "2228"]
[BlackElo "2343"]
[Mode "WEB"]
[Result "0-1"]

1. d4 Nf6 2. c4 g6 3. Nc3 Bg7 4. e4 d6 5. Bg5 Nbd7 6. f3 a6 7. Nge2 c5 8. d5 b5
9. cxb5 Qa5 10. a4 axb5 11. Bd2 Ne5 12. Nc1 b4 13. Nb5 O-O 14. Be2 Ba6 15. O-O
c4 16. Rb1 Bxb5 17. axb5 Qxb5 18. Be3 b3 19. h3 Ned7 20. Bd4 Rfc8 21. Re1 Nh5
22. Bxg7 Kxg7 23. Qd4+ Ne5 24. Bf1 Qc5 25. Qxc5 Rxc5 26. Ne2 Nd3 27. Red1 Ra2
28. Nd4 Nxb2 29. Rdc1 Nf4 30. Rc3 Na4 31. Rxc4 Rxc4 32. Bxc4 Rxg2+ 33. Kh1 b2
34. Ne2 Rxe2 35. Bxe2 Nxe2 {HingouetMatthi a abandonné} 0-1

[Event "Tournament 14475 - Europe Echecs"]
[Site "Europe Echecs"]
[Date "2020.07.12"]
[Round "3"]
[Time "15:05:33"]
[PlyCount "120"]
[White "Razafindratsim"]
[Black "MakkarRajat"]
[WhiteElo "2336"]
[BlackElo "2214"]
[Mode "WEB"]
[Result "1/2-1/2"]

1. e4 e5 2. Nf3 Nc6 3. Bb5 a6 4. Ba4 Nf6 5. d3 d6 6. c3 g6 7. Nbd2 Bg7 8. Nf1
O-O 9. Bg5 b5 10. Bc2 h6 11. Bh4 g5 12. Bg3 Nh7 13. Ne3 Ne7 14. d4 f5 15. exf5
Nxf5 16. Nxf5 Bxf5 17. Bxf5 Rxf5 18. dxe5 dxe5 19. O-O Qxd1 20. Raxd1 Nf8 21.
Rfe1 Ng6 22. Rd7 Rf7 23. Rxf7 Kxf7 24. Bxe5 Nxe5 25. Nxe5+ Bxe5 26. Rxe5 Rd8 27.
h4 Rd1+ 28. Kh2 Rd2 29. hxg5 hxg5 30. Kg3 Rxb2 31. Rxg5 Ke6 32. Rg6+ Kd7 33.
Rxa6 Rc2 34. Ra3 Kd6 35. f4 Kd5 36. Kf3 c5 37. g3 c4 38. g4 Rd2 39. g5 Rd3+ 40.
Kg4 Ke4 41. Ra8 Rxc3 42. Re8+ Kd4 43. f5 Rc2 44. f6 Rf2 45. Kh5 c3 46. Rc8 b4
47. Kg6 Rxa2 48. f7 Rf2 49. Rc6 b3 50. Rf6 Rxf6+ 51. gxf6 b2 52. f8=Q b1=Q+ 53.
Kg7 Qb7+ 54. f7 c2 55. Qd6+ Kc3 56. Qc5+ Kb2 57. Qd4+ Kb1 58. Qd3 Ka1 59. Qxc2
Qxf7+ 60. Kxf7 {Nulle par pat} 1/2-1/2

[Event "Tournament 14475 - Europe Echecs"]
[Site "Europe Echecs"]
[Date "2020.07.12"]
[Round "3"]
[Time "15:05:33"]
[PlyCount "81"]
[White "BergougnouxAxe"]
[Black "DroinAugustin"]
[WhiteElo "2191"]
[BlackElo "2313"]
[Mode "WEB"]
[Result "0-1"]

1. e4 c5 2. Nf3 Nc6 3. Bb5 g6 4. c3 Bg7 5. d4 cxd4 6. cxd4 Nf6 7. Nc3 d5 8. Ne5
Qd6 9. Bf4 Nh5 10. Nxc6 Nxf4 11. Ne5+ Kf8 12. O-O Be6 13. Re1 Rd8 14. Qf3 g5 15.
exd5 Bxd5 16. Nxd5 Qxd5 17. Be2 Bxe5 18. dxe5 Nxe2+ 19. Qxe2 Kg7 20. e6 Qxe6 21.
Qb5 Qd5 22. Qb4 e6 23. h4 h6 24. Rad1 Qc6 25. Qg4 Kg6 26. hxg5 hxg5 27. Rxd8
Rxd8 28. Re5 Qc1+ 29. Kh2 Qf4+ 30. Qxf4 gxf4 31. Rb5 b6 32. Kh3 Rd2 33. f3 f5
34. a4 Rd5 35. Rb4 e5 36. Rc4 Rc5 37. Rb4 Kg5 38. Rb3 e4 39. Kh2 e3 40. Rd3 e2 {BergougnouxAxe a perdu au temps} 0-1

[Event "Tournament 14475 - Europe Echecs"]
[Site "Europe Echecs"]
[Date "2020.07.12"]
[Round "3"]
[Time "15:05:33"]
[PlyCount "171"]
[White "BressyTheo"]
[Black "KuhnClement"]
[WhiteElo "2289"]
[BlackElo "2150"]
[Mode "WEB"]
[Result "1/2-1/2"]

1. e4 c5 2. a3 Nc6 3. b4 cxb4 4. axb4 Nxb4 5. c3 Nc6 6. d4 d6 7. d5 Ne5 8. f4
Nd7 9. Qd4 Nc5 10. Nf3 Nf6 11. e5 Nfd7 12. Nbd2 Nb6 13. Ba3 Bf5 14. exd6 exd6
15. Bb5+ Bd7 16. Bxd7+ Qxd7 17. O-O f6 18. Rfe1+ Kf7 19. c4 g6 20. g3 Qc7 21.
Bb2 Be7 22. Rxe7+ Qxe7 23. Re1 Qd8 24. Ng5+ Kg7 25. Qxf6+ Qxf6 26. Re7+ Kg8 27.
Bxf6 Nbd7 28. Rg7+ Kf8 29. Rf7+ Kg8 30. Rg7+ Kf8 31. Rf7+ Kg8 32. Bd4 h6 33.
Rg7+ Kf8 34. Rf7+ Ke8 35. Bxh8 hxg5 36. Rg7 Nf8 37. fxg5 a5 38. Rg8 a4 39. Bg7
Kf7 40. Rxf8+ Rxf8 41. Bxf8 Kxf8 42. Nb1 Nd3 43. Na3 Ke7 44. Kg2 Kd7 45. Kf3 Kc7
46. g4 Kb6 47. h4 Ne5+ 48. Kf4 Kc5 49. h5 Kb4 50. Nc2+ Kb3 51. Nd4+ Kxc4 52. Nc2
Kb3 53. Nd4+ Kb2 54. Nb5 a3 55. Nxd6 a2 56. Kxe5 a1=Q 57. hxg6 Kb3+ 58. Kf5 Qg7
59. Ne8 Qd7+ 60. Kf6 Qxe8 61. g7 b5 62. d6 b4 63. d7 Qg8 64. Kg6 Qe6+ 65. Kh7
Qxd7 66. Kh8 Qd4 67. Kh7 Qe4+ 68. g6 Qh1+ 69. Kg8 Kc3 70. Kf8 Qf3+ 71. Ke7 Qe4+
72. Kf7 Qd5+ 73. Kf8 Qd8+ 74. Kf7 Qd7+ 75. Kf8 Qd6+ 76. Kf7 Qf4+ 77. Ke7 Qe4+
78. Kf7 Qd5+ 79. Kf8 Qd6+ 80. Kf7 Qd7+ 81. Kf8 Qd8+ 82. Kf7 Qc7+ 83. Kf8 Qf4+
84. Ke7 Qg5+ 85. Kf7 Qd5+ {Nulle par répétition} 1/2-1/2

[Event "Tournament 14475 - Europe Echecs"]
[Site "Europe Echecs"]
[Date "2020.07.12"]
[Round "3"]
[Time "15:05:33"]
[PlyCount "139"]
[White "JolyJulien"]
[Black "MateriaMarco"]
[WhiteElo "2188"]
[BlackElo "2269"]
[Mode "WEB"]
[Result "0-1"]

1. e4 c5 2. Nf3 e6 3. g3 Nc6 4. Bg2 d5 5. exd5 exd5 6. d4 Nf6 7. O-O Be7 8. dxc5
Bxc5 9. Re1+ Be6 10. Nbd2 O-O 11. Nb3 Bb6 12. c3 Qd7 13. Be3 Rfe8 14. Bxb6 axb6
15. Nbd4 Bg4 16. Qb3 Qc7 17. Nb5 Qd7 18. Nbd4 Nxd4 19. Nxd4 Rxe1+ 20. Rxe1 Re8
21. Rxe8+ Qxe8 22. Qb5 Qe1+ 23. Qf1 Qd2 24. h3 Bh5 25. Qb5 h6 26. Qxb6 Qe1+ 27.
Kh2 Qxf2 28. Qxb7 Bg6 29. Qb8+ Kh7 30. Qf4 Qxb2 31. a4 Qxc3 32. Nf3 Be4 33. Qd2
Qa3 34. Nd4 Qxa4 35. Nf3 Qa3 36. Nd4 Bxg2 37. Kxg2 Ne4 38. Qe1 Qd3 39. Nf3 Qc2+
40. Kg1 Nf6 41. Nd2 d4 42. Kg2 Qf5 43. Nf3 d3 44. Qd2 Qd5 45. Qe3 Ne4 46. Kh2 d2
47. Nxd2 Qxd2+ 48. Qxd2 Nxd2 49. h4 Kg6 50. Kh3 h5 51. g4 hxg4+ 52. Kxg4 f5+ 53.
Kf4 Kf6 54. h5 Ne4 55. Kf3 Ng5+ 56. Kf4 Ne6+ 57. Kg3 Kg5 58. h6 gxh6 59. Kf3 h5
60. Kg3 f4+ 61. Kf3 h4 62. Kg2 Kg4 63. Kf2 h3 64. Kg1 f3 65. Kh1 Kg3 66. Kg1 Ng5
67. Kh1 Ne4 68. Kg1 h2+ 69. Kh1 Nf2# {JolyJulien est échec et mat} 0-1

[Event "Tournament 14475 - Europe Echecs"]
[Site "Europe Echecs"]
[Date "2020.07.12"]
[Round "3"]
[Time "15:05:33"]
[PlyCount "142"]
[White "SayaEthan"]
[Black "DenningerGuilh"]
[WhiteElo "2199"]
[BlackElo "2065"]
[Mode "WEB"]
[Result "1/2-1/2"]

1. e4 c6 2. d4 d5 3. Nc3 dxe4 4. Nxe4 Bf5 5. Ng3 Bg6 6. h4 h6 7. Nf3 Nd7 8. h5
Bh7 9. Bd3 Bxd3 10. Qxd3 e6 11. Bf4 Qa5+ 12. Bd2 Qc7 13. O-O-O Ngf6 14. Kb1 Bd6
15. Ne4 Nxe4 16. Qxe4 Nf6 17. Qe2 O-O-O 18. c4 c5 19. Bc3 cxd4 20. Bxd4 Kb8 21.
Ne5 Ka8 22. b3 Rhf8 23. g4 Nh7 24. f3 f6 25. Ng6 Rfe8 26. Qf2 Qa5 27. Qc2 Ng5
28. Rhf1 e5 29. Bc3 Bb4 30. Bxb4 Qxb4 31. Nh4 Ne6 32. Nf5 Nd4 33. Nxd4 exd4 34.
Qd2 Qxd2 35. Rxd2 d3 36. Kb2 Re3 37. Kc3 Kb8 38. Rfd1 Rxf3 39. Rxd3 Rdxd3+ 40.
Rxd3 Rf4 41. Rd4 Rf3+ 42. Rd3 Rf4 43. Rd4 Rf3+ 44. Kb4 Kc7 45. Kc5 f5 46. Kd5
fxg4 47. Rxg4 Rf5+ 48. Kd4 Rxh5 49. Rxg7+ Kc6 50. Rh7 a5 51. a3 Rh3 52. b4 Rh4+
53. Kc3 Rh3+ 54. Kb2 axb4 55. axb4 b5 56. cxb5+ Kxb5 57. Kc2 Kxb4 58. Kd2 Kc4
59. Ke2 Kd4 60. Kf2 Ke4 61. Kg2 Rh5 62. Rf7 Rf5 63. Rxf5 Kxf5 64. Kh3 h5 65. Kh2
Kg4 66. Kh1 Kg3 67. Kg1 h4 68. Kh1 Kf2 69. Kh2 Ke2 70. Kh3 Kd2 71. Kxh4 {Aucun joueur n'a le mat&eacute;riel pour mater} 1/2-1/2

[Event "Tournament 14475 - Europe Echecs"]
[Site "Europe Echecs"]
[Date "2020.07.12"]
[Round "3"]
[Time "15:05:33"]
[PlyCount "123"]
[White "FondratJohan"]
[Black "RebutPaul"]
[WhiteElo "1509"]
[BlackElo "1966"]
[Mode "WEB"]
[Result "0-1"]

1. e4 e5 2. Nf3 Nc6 3. Bc4 Nf6 4. d3 Bc5 5. Bg5 h6 6. Bh4 g5 7. Bg3 d6 8. Nbd2
Qe7 9. c3 a6 10. Qe2 Bg4 11. h3 Bd7 12. Bb3 O-O-O 13. O-O-O Nh5 14. Bh2 Nf4 15.
Bxf4 gxf4 16. g4 Rdg8 17. Rdg1 Be6 18. Kb1 Rg7 19. Bxe6+ Qxe6 20. Nh4 Ne7 21.
Nb3 Bb6 22. Rd1 h5 23. Nf5 Nxf5 24. gxf5 Qh6 25. Rdg1 Rhg8 26. Qe1 f3 27. Nd2
Qf4 28. Rxg7 Rxg7 29. Qd1 Bxf2 30. Nxf3 Rg3 31. Ne1 Bxe1 32. Qxe1 Rxd3 33. Qe2
Re3 34. Qc2 Qxe4 35. Qxe4 Rxe4 36. Rg1 Rf4 37. Rg5 h4 38. Kc2 Kd7 39. a3 Ke7 40.
Kd3 Kf6 41. Rh5 Rf3+ 42. Ke4 Rxh3 43. Rh6+ Ke7 44. Kd5 Rf3 45. Ke4 Rf4+ 46. Ke3
Rxf5 47. Rxh4 Rg5 48. Rc4 Kd7 49. Rb4 b6 50. Ra4 a5 51. b4 axb4 52. Rxb4 f5 53.
a4 f4+ 54. Kf3 Rg3+ 55. Kf2 Rxc3 56. Re4 Ra3 57. Rb4 d5 58. Rb5 Kd6 59. Rb4 c6
60. Rxb6 Rxa4 61. Rb3 Rc4 {FondratJohan a abandonné} 0-1

[Event "Tournament 14475 - Europe Echecs"]
[Site "Europe Echecs"]
[Date "2020.07.12"]
[Round "3"]
[Time "15:05:33"]
[PlyCount "36"]
[White "TravadonLoic"]
[Black "LecciaThomas"]
[WhiteElo "2431"]
[BlackElo "1893"]
[Mode "WEB"]
[Result "1-0"]

1. d4 d5 2. c4 c6 3. cxd5 cxd5 4. Nc3 Nf6 5. Bf4 Nh5 6. Bg5 h6 7. Bd2 Nc6 8. e4
dxe4 9. Qxh5 Nxd4 10. O-O-O Bf5 11. Be3 e5 12. Bxd4 exd4 13. Qxf5 Be7 14. Nxe4
Rc8+ 15. Kb1 O-O 16. Bd3 Qc7 17. Nf6+ Bxf6 18. Qh7# {LecciaThomas est échec et mat} 1-0

[Event "Tournament 14475 - Europe Echecs"]
[Site "Europe Echecs"]
[Date "2020.07.12"]
[Round "3"]
[Time "15:05:33"]
[PlyCount "52"]
[White "LamazeSimon"]
[Black "TritonMaxime"]
[WhiteElo "2185"]
[BlackElo "1843"]
[Mode "WEB"]
[Result "1-0"]

1. d4 g6 2. Nf3 Bg7 3. g3 Nf6 4. Bg2 O-O 5. O-O d6 6. a4 a5 7. Re1 Nc6 8. d5 Nb8
9. e4 e5 10. c4 Na6 11. Nc3 Nc5 12. b3 b6 13. Ba3 Nh5 14. b4 axb4 15. Bxb4 Na6
16. Ba3 f5 17. Bh3 fxe4 18. Bxc8 exf3 19. Be6+ Kh8 20. Re3 e4 21. Nxe4 Bxa1 22.
Qxa1+ Ng7 23. Bb2 Qe7 24. Ng5 h6 25. Nxf3 Nc5 26. Nh4 {TritonMaxime a abandonné} 1-0

[Event "Tournament 14475 - Europe Echecs"]
[Site "Europe Echecs"]
[Date "2020.07.12"]
[Round "3"]
[Time "15:05:33"]
[PlyCount "53"]
[White "RaclotLeo"]
[Black "SylvestreBaron"]
[WhiteElo "2124"]
[BlackElo "1728"]
[Mode "WEB"]
[Result "0-1"]

1. e4 c5 2. c3 Nc6 3. d3 d5 4. Qc2 e6 5. Nf3 Nf6 6. Be2 Be7 7. O-O O-O 8. Nbd2
b5 9. a4 b4 10. Nb3 dxe4 11. dxe4 bxc3 12. bxc3 Bb7 13. Bd3 Qc7 14. Re1 Nb8 15.
e5 Nd5 16. Bxh7+ Kh8 17. Be4 Nd7 18. Ba3 f5 19. exf6 N7xf6 20. Ng5 Ng4 21. Nf3
Rxf3 22. Bxf3 Qxh2+ 23. Kf1 Nf4 24. g3 Qh3+ 25. Kg1 Qh2+ 26. Kf1 Bxf3 {RaclotLeo a perdu au temps} 0-1

[Event "Tournament 14475 - Europe Echecs"]
[Site "Europe Echecs"]
[Date "2020.07.12"]
[Round "3"]
[Time "15:05:33"]
[PlyCount "151"]
[White "ProfiliEmilio"]
[Black "LemiereMaxence"]
[WhiteElo "2053"]
[BlackElo "1618"]
[Mode "WEB"]
[Result "1/2-1/2"]

1. e4 e5 2. Nf3 Nc6 3. Bc4 d6 4. c3 Be6 5. Bxe6 fxe6 6. Qb3 Qd7 7. Qxb7 Rb8 8.
Qa6 Nf6 9. Qe2 Be7 10. O-O O-O 11. d4 exd4 12. cxd4 d5 13. exd5 Qxd5 14. Nc3 Qd7
15. Be3 Nd5 16. Rad1 Bb4 17. Ne4 Bd6 18. Bc1 Nf4 19. Bxf4 Rxf4 20. Nc5 Bxc5 21.
dxc5 Qe7 22. Rfe1 e5 23. g3 Rfb4 24. b3 Qxc5 25. Rc1 Qd5 26. Nxe5 Re8 27. Rxc6
Rxe5 28. Qxe5 Qxc6 29. Qe7 Rb8 30. h4 h6 31. Re6 Qc1+ 32. Kg2 Qc2 33. h5 Rf8 34.
Re2 Qc6+ 35. Qe4 Qb6 36. Qe6+ Kh7 37. Qxb6 axb6 38. Re7 c5 39. Rb7 Rf6 40. f4
Rd6 41. Kh3 Rd2 42. a4 Rb2 43. Rxb6 c4 44. a5 Rxb3 45. Rc6 c3 46. a6 Ra3 47. Kg4
c2 48. Rxc2 Rxa6 49. Rc7 Ra5 50. Rc4 Rd5 51. Kh4 Rd1 52. Rc5 Rd6 53. Rf5 Rd4 54.
Ra5 Rd6 55. Kg4 Rc6 56. Kf5 Rb6 57. g4 Rc6 58. g5 hxg5 59. fxg5 Rc8 60. Rb5 Rd8
61. Ke6 Rc8 62. Rd5 Ra8 63. Re5 Ra6+ 64. Kf7 Ra7+ 65. Re7 Ra8 66. Rc7 Rb8 67.
Ra7 Rc8 68. Rb7 Ra8 69. Re7 Rb8 70. Re8 Rb7+ 71. Re7 Rb8 72. Ke6 Rb5 73. h6 Rxg5
74. Rxg7+ Rxg7 75. hxg7 Kxg7 {Aucun joueur n'a le mat&eacute;riel pour mater} 1/2-1/2

[Event "Tournament 14475 - Europe Echecs"]
[Site "Europe Echecs"]
[Date "2020.07.12"]
[Round "3"]
[Time "15:05:33"]
[PlyCount "130"]
[White "LarmetNino"]
[Black "BregnacTristan"]
[WhiteElo "1818"]
[BlackElo "2047"]
[Mode "WEB"]
[Result "1-0"]

1. e4 c5 2. Nc3 Nc6 3. g3 g6 4. Bg2 Bg7 5. d3 e5 6. Nge2 d6 7. O-O Nge7 8. Bg5
h6 9. Be3 O-O 10. Qd2 Kh7 11. Nd5 f5 12. f4 Be6 13. c3 Qd7 14. Kh1 Rf7 15. Rad1
Raf8 16. Nxe7 Qxe7 17. d4 exd4 18. cxd4 Bxa2 19. dxc5 dxc5 20. e5 Rd8 21. Qc3
Bf8 22. Rxd8 Nxd8 23. b3 c4 24. bxc4 Qb4 25. Bd5 Rc7 26. Qxb4 Bxb4 27. Rc1 b5
28. Nc3 Bxc4 29. Bxc4 bxc4 30. Nd5 Rb7 31. Nxb4 Rxb4 32. Bxa7 Kg7 33. Kg2 Kf7
34. h3 Ke6 35. Rd1 Nb7 36. Bf2 c3 37. Rc1 Rc4 38. Kf3 c2 39. Ke2 Na5 40. Kd3 Nb3
41. Rxc2 Rxc2 42. Kxc2 Na5 43. Kc3 Nc6 44. Kc4 g5 45. Kc5 Ne7 46. Be3 g4 47. h4
h5 48. Kd4 Nd5 49. Bf2 Nb4 50. Kc3 Nc6 51. Kc4 Ne7 52. Kd4 Ng6 53. Be1 Kd7 54.
Kd5 Nf8 55. Bb4 Ne6 56. Bd6 Ng7 57. Bb4 Ne6 58. Be1 Nc7+ 59. Kc5 Ke6 60. Bf2
Na6+ 61. Kd4 Nb4 62. Kc3 Na2+ 63. Kb3 Nc1+ 64. Kc2 Na2 65. Be1 {BregnacTristan a abandonné} 1-0

[Event "Tournament 14475 - Europe Echecs"]
[Site "Europe Echecs"]
[Date "2020.07.12"]
[Round "3"]
[Time "15:05:33"]
[PlyCount "74"]
[White "DelinValere"]
[Black "DecurningeBric"]
[WhiteElo "2043"]
[BlackElo "1582"]
[Mode "WEB"]
[Result "1-0"]

1. e4 e6 2. d4 d5 3. exd5 exd5 4. Bd3 c6 5. Nf3 Bd6 6. h3 Ne7 7. O-O h6 8. c4
dxc4 9. Bxc4 O-O 10. Nc3 Bf5 11. b3 Nd7 12. Bb2 Nb6 13. Be2 Ned5 14. Ne5 Nf4 15.
Bf3 Qg5 16. Kh1 Qh4 17. Bg4 Bxe5 18. dxe5 Nd3 19. Bxf5 Nxf2+ 20. Rxf2 Qxf2 21.
Qc2 Qh4 22. a4 Rfe8 23. a5 Nc8 24. Ne4 Ne7 25. Nd6 Nxf5 26. Qxf5 Re7 27. Rf1 Rf8
28. Ba3 g6 29. Qf3 Rxe5 30. Bb2 Re1 31. Rxe1 Qxe1+ 32. Kh2 f5 33. Nxb7 Qe4 34.
Qc3 Qf4+ 35. Kg1 Kf7 36. Qf6+ Ke8 37. Qe6# {DecurningeBric est échec et mat} 1-0

[Event "Tournament 14475 - Europe Echecs"]
[Site "Europe Echecs"]
[Date "2020.07.12"]
[Round "3"]
[Time "15:05:33"]
[PlyCount "101"]
[White "GreuthierAlois"]
[Black "TomasiElise"]
[WhiteElo "1601"]
[BlackElo "2030"]
[Mode "WEB"]
[Result "0-1"]

1. e4 e5 2. Nf3 Nc6 3. Bb5 a6 4. Ba4 Nf6 5. O-O b5 6. Bb3 Bc5 7. a4 Rb8 8. c3 d6
9. d4 Bb6 10. axb5 axb5 11. Na3 b4 12. Nc4 bxc3 13. bxc3 O-O 14. Bg5 h6 15. Bxf6
Qxf6 16. Ba4 Bb7 17. Re1 exd4 18. cxd4 Nxd4 19. Nxb6 Nxf3+ 20. Qxf3 Qxf3 21.
gxf3 cxb6 22. Red1 Rfd8 23. Rab1 Ba8 24. Bb3 Kf8 25. Bc4 Ke7 26. Rb3 Rdc8 27.
Ba6 Rd8 28. Rdb1 d5 29. exd5 Bxd5 30. Re3+ Kf6 31. Kg2 Be6 32. Re4 Bf5 33. Rf4
g5 34. Rxf5+ Kxf5 35. Bc4 f6 36. Rb5+ Kg6 37. Bd5 Rdc8 38. Be4+ Kf7 39. Kg3 Rc5
40. Rb2 b5 41. h4 b4 42. hxg5 hxg5 43. f4 f5 44. Bb1 Rc3+ 45. f3 g4 46. Bxf5
gxf3 47. Bg4 b3 48. Bxf3 Rg8+ 49. Kf2 Rc2+ 50. Rxc2 bxc2 {GreuthierAlois a abandonné} 0-1

[Event "Tournament 14475 - Europe Echecs"]
[Site "Europe Echecs"]
[Date "2020.07.12"]
[Round "3"]
[Time "15:05:33"]
[PlyCount "54"]
[White "GrancherEtienn"]
[Black "HeilerLucas"]
[WhiteElo "1987"]
[BlackElo "1463"]
[Mode "WEB"]
[Result "1-0"]

1. Nc3 e6 2. e4 d5 3. d4 dxe4 4. Nxe4 Nf6 5. Nxf6+ Qxf6 6. Nf3 g6 7. Bg5 Qf5 8.
Bd3 Qd5 9. O-O Bg7 10. Re1 O-O 11. Qd2 Nc6 12. c3 b6 13. Be4 Qd7 14. Ne5 Bxe5
15. dxe5 Qxd2 16. Bxd2 Bb7 17. Bg5 Rab8 18. Bf6 Na5 19. Bd3 Nc6 20. Rad1 Rfe8
21. Bc2 Rbd8 22. Bxd8 Rxd8 23. Rxd8+ Nxd8 24. Rd1 Nc6 25. f4 Kf8 26. Rd7 f6 27.
exf6 {HeilerLucas a abandonné} 1-0

[Event "Tournament 14475 - Europe Echecs"]
[Site "Europe Echecs"]
[Date "2020.07.12"]
[Round "3"]
[Time "15:05:33"]
[PlyCount "118"]
[White "MorataJules"]
[Black "SalvadorLucie"]
[WhiteElo "1568"]
[BlackElo "1979"]
[Mode "WEB"]
[Result "1-0"]

1. e4 e5 2. Nc3 Nf6 3. Bc4 Bc5 4. d3 d6 5. f4 Nc6 6. Nf3 Bg4 7. h3 Be6 8. Bb5 a6
9. Bxc6+ bxc6 10. f5 Bd7 11. Bg5 Rb8 12. b3 Bb4 13. Bd2 d5 14. O-O Bc5+ 15. Kh1
Bd6 16. exd5 cxd5 17. Bg5 c6 18. Re1 O-O 19. Nxe5 Bxe5 20. Rxe5 Qc7 21. Bxf6
gxf6 22. Qg4+ Kh8 23. Re7 Rg8 24. Qh4 Rg7 25. Qxf6 Qg3 26. Rg1 Be8 27. Qe5 Qxe5
28. Rxe5 Bd7 29. Rge1 f6 30. Re7 Bxf5 31. Re8+ Rg8 32. Rxg8+ Kxg8 33. Rf1 Bd7
34. Rxf6 Kg7 35. Rf4 Re8 36. Kg1 Re1+ 37. Kf2 Rc1 38. Ne2 Rxc2 39. Rb4 Kf6 40.
a4 Ke5 41. Ke3 c5 42. Rb6 d4+ 43. Kf3 Be8 44. Rxa6 Rb2 45. Nf4 Rxb3 46. Re6+ Kf5
47. Rxe8 c4 48. Rc8 c3 49. a5 Ra3 50. Rc5+ Kf6 51. Nd5+ Ke6 52. Nb4 Ra4 53. Nc2
Ra2 54. Nb4 Rb2 55. Rb5 c2 56. Nxc2 Rxb5 57. Nxd4+ Kd5 58. Nxb5 Kc5 59. a6 {SalvadorLucie a perdu au temps} 1-0

[Event "Tournament 14475 - Europe Echecs"]
[Site "Europe Echecs"]
[Date "2020.07.12"]
[Round "3"]
[Time "15:05:33"]
[PlyCount "94"]
[White "RollotFlorence"]
[Black "BOUMRARAyrad"]
[WhiteElo "1973"]
[BlackElo "1431"]
[Mode "WEB"]
[Result "1-0"]

1. Nf3 d5 2. c4 Nf6 3. cxd5 Nxd5 4. g3 Nc6 5. Bg2 e5 6. d3 Bc5 7. O-O Be6 8. Nc3
Qd7 9. Ng5 Nxc3 10. bxc3 O-O 11. Nxe6 Qxe6 12. Qc2 Rad8 13. Rb1 Bb6 14. e3 Kh8
15. d4 Na5 16. d5 Qd6 17. Qa4 Rfe8 18. Ba3 Qd7 19. Qh4 Nc4 20. Qxc4 f5 21. Qb3
f4 22. exf4 exf4 23. c4 fxg3 24. hxg3 Bd4 25. Bb2 Bc5 26. Qc3 Re2 27. Bf3 Re7
28. Rbe1 Rf8 29. Rxe7 Qxe7 30. Kg2 Qf7 31. Bh5 Qe7 32. Bf3 Qf7 33. Rh1 Bd4 34.
Qxd4 Qxf3+ 35. Kg1 Rf7 36. Qe3 Qxe3 37. fxe3 Rf3 38. e4 Rd3 39. Be5 Re3 40. Rh4
Rxe4 41. Rxe4 c6 42. d6 h6 43. d7 Kh7 44. d8=Q b5 45. Qf8 Kg6 46. Qxg7+ Kf5 47.
Qg4# {BOUMRARAyrad est échec et mat} 1-0

[Event "Tournament 14475 - Europe Echecs"]
[Site "Europe Echecs"]
[Date "2020.07.12"]
[Round "3"]
[Time "15:05:33"]
[PlyCount "56"]
[White "LecciaAntoine"]
[Black "GavilaQuentin"]
[WhiteElo "1950"]
[BlackElo "1199"]
[Mode "WEB"]
[Result "1-0"]

1. d4 Nf6 2. Nf3 c5 3. d5 g6 4. Nc3 Bg7 5. e4 Qa5 6. Bd3 Nxe4 7. Bxe4 Bxc3+ 8.
bxc3 Qxc3+ 9. Bd2 Qf6 10. O-O O-O 11. Qe2 d6 12. h3 Nd7 13. c4 Nb6 14. Rac1 Bd7
15. Bc3 Qf4 16. Bd2 Qf6 17. Bd3 e6 18. dxe6 Bxe6 19. Bc3 Qd8 20. Ba1 Re8 21. Qb2
f6 22. Ng5 Nd7 23. Be4 Rb8 24. Nxe6 Rxe6 25. Bd5 Qe8 26. Rce1 Nf8 27. Qxf6 Qd7
28. Rxe6 {GavilaQuentin a abandonné} 1-0

[Event "Tournament 14475 - Europe Echecs"]
[Site "Europe Echecs"]
[Date "2020.07.12"]
[Round "3"]
[Time "15:05:33"]
[PlyCount "141"]
[White "CiarlettaIris"]
[Black "BaudouinSimon"]
[WhiteElo "1493"]
[BlackElo "1926"]
[Mode "WEB"]
[Result "0-1"]

1. d4 Nf6 2. c4 g6 3. Nc3 d5 4. cxd5 Nxd5 5. e4 Nxc3 6. bxc3 Bg7 7. Bc4 c5 8.
Ne2 Nc6 9. d5 Na5 10. Bb5+ Bd7 11. Qa4 b6 12. Bxd7+ Qxd7 13. Qxd7+ Kxd7 14. Bd2
Nc4 15. a4 e6 16. dxe6+ fxe6 17. O-O-O Kc6 18. Kc2 a6 19. Kb3 b5 20. Bf4 h6 21.
Rd3 g5 22. Bg3 Ne5 23. Bxe5 c4+ 24. Kb2 Bxe5 25. Rd2 Rhb8 26. Nd4+ Bxd4 27. Rxd4
Kc5 28. a5 b4 29. Rd7 bxc3+ 30. Kxc3 Rb3+ 31. Kd2 Rb2+ 32. Ke3 Rab8 33. Rd2
R8b3+ 34. Ke2 Rxd2+ 35. Kxd2 Kd4 36. Ra1 Rb2+ 37. Ke1 c3 38. Rc1 Kd3 39. Rd1+
Kxe4 40. Rc1 Kd3 41. g3 Re2+ 42. Kf1 Kd2 43. Ra1 c2 44. Ra2 Re1+ 45. Kg2 Kc3 46.
Rxc2+ Kxc2 47. h3 Ra1 48. h4 Rxa5 49. hxg5 hxg5 50. Kf3 Rf5+ 51. Ke3 a5 52. f3
a4 53. f4 gxf4+ 54. gxf4 Rxf4 55. Kxf4 a3 56. Ke5 a2 57. Kxe6 a1=Q 58. Kd5 Qa4
59. Ke5 Qc4 60. Kf5 Qd4 61. Ke6 Kd3 62. Kf5 Qe4+ 63. Kf6 Ke3 64. Kg5 Qf4+ 65.
Kg6 Ke4 66. Kg7 Qf5 67. Kh6 Qg4 68. Kh7 Kf5 69. Kh8 Kf6 70. Kh7 Qg7# {CiarlettaIris est échec et mat} 0-1